[Event "MK Cafe Cup-A"]
[Site "Koszalin"]
[Date "1999.08.06"]
[Round "4"]
[White "Hracek, Zbynek"]
[Black "Slobodjan, Roman"]
[Result "1-0"]
[WhiteElo "2629"]
[BlackElo "2550"]
[Annotator "Finkel,A"]
[PlyCount "38"]
[EventDate "1999.08.03"]
[EventType "swiss"]
[EventRounds "9"]
[EventCountry "POL"]
[SourceTitle "CBM 073"]
[Source "ChessBase"]
[SourceDate "1999.12.01"]
[SourceVersion "1"]
[SourceVersionDate "1999.12.01"]
[SourceQuality "1"]

1. e4 e6 2. d4 d5 3. Nc3 dxe4 4. Nxe4 Nd7 5. Nf3 Ngf6 6. Nxf6+ Nxf6 7. Bg5 c5
8. Bb5+ Bd7 9. Bxd7+ Qxd7 10. Qe2 (10. Bxf6 gxf6 11. O-O cxd4 12. Qxd4 Qxd4 13.
Nxd4 Bc5 14. Rad1 Rd8 15. Nb3 Bb6 $11 {Ghinda-Luther, Ikaria, 1993}) 10... Be7
(10... cxd4 $6 11. O-O-O Be7 (11... Bc5 12. Qe5 (12. Kb1 Qa4 $6 13. Qe5 Rc8 14.
Bxf6 gxf6 15. Qxf6 Qxc2+ $5 16. Ka1 $1 O-O 17. Ne5 Qf5 18. Qxf5 exf5 19. Kb1
$14 {Sturua,Z-Gretarsson,H/Elista olm 1998}) 12... Be7 13. Nxd4 Rc8 14. f4 O-O
15. Nf5 Qc7 16. Nxe7+ Qxe7 17. Rd2 $16 {Fischer-Saparu 1967}) 12. Rxd4 Qc7 $6
13. Qb5+ Qc6 14. Qxc6+ bxc6 15. Rc4 c5 16. Bxf6 gxf6 17. Rd1 $16 {
Mikhalchishin-Chernin/Cienfuegos/1981}) 11. dxc5 (11. O-O-O O-O 12. dxc5 (12.
Rhe1 Rfd8 13. d5 Nxd5 14. Rxd5 (14. c4 $2 Bxg5+ 15. Nxg5 Qe7 $17) 14... Qxd5
15. Bxe7 Qxa2 $1 16. Bxd8 Qa1+ 17. Kd2 Rxd8+ 18. Ke3 Qxb2 $40 {Timman}) (12.
Kb1 Qc7 $1 13. dxc5 (13. d5 $5 {[%cal Ge2e7,Gg5e7]} exd5 $1 (13... Nxd5 14.
Rxd5 $1 exd5 15. Qxe7 Qxe7 16. Bxe7 Rfc8 17. c3 $14) 14. Rhe1 Bd8 (14... Rfe8
$2 15. Bxf6 gxf6 16. Rxd5 $16) 15. Bxf6 Bxf6 16. Rxd5 $11 c4 $5 (16... Qc6 17.
c4 Rfe8 18. Qd2 Rxe1+ 19. Nxe1 $14) 17. c3 $1 Qc6 $11 {Nisipeanu,L-Rogozenko,D/
Ciocaltea mem 1998)}) 13... Qxc5 14. Ne5 Rfd8 15. Bxf6 Bxf6 16. Nd7 Qe7 $1 (
16... Qc6 $6 17. Nxf6+ gxf6 18. Qg4+ Kf8 {Timman,J-Kortchnoj,V/1989/1/2:1/2}
19. g3 $14 (19. Qb4+ Kg7 20. Qg4+ Kf8 21. Qf4 $6 Kg7 22. g3 Rac8 23. c3 Rd5 $1
$10 {Timman,J-Korchnoi,V/Luzern 1989 (26)})) 17. Qb5 a6 $1 18. Nxf6+ (18. Qxb7
$4 Rdb8 $19) 18... Qxf6 19. Qb6 Qe7 $10) 12... Qa4 (12... Qc7 13. Ne5 $5 Qxc5
14. Bxf6 Bxf6 15. Nd7 Qg5+ 16. Kb1 Rfc8 17. h4 $36 {Fercec,N-Tukmakov,V/Zadar
op 1997}) 13. Kb1 Bxc5 (13... Rad8 14. Ne5 h6 15. Bxf6 Bxf6 16. f3 Rd4 17. Rxd4
Qxd4 18. Nd3 Rd8 19. Re1 Qa4 20. f4 $14 {Dolmatov,S-Gurevich,/1992/}) (13...
Rfd8 $13) 14. Bxf6 gxf6 15. Rd3 $146 (15. Ne1 Rfd8 16. Nd3 Bf8 17. f4 Rd5 18.
Rhf1 Rad8 $10 {1/2-1/2 Leko, P.-Korchnoi, V./Vienna AUT /1996 (24)}) 15... Rfd8
16. Rhd1 Rxd3 17. Rxd3 Qg4 $13 {Hernandez,G-Kortschnoj,V/Merida m 1996}) 11...
Bxc5 $6 {This natural move seems to be inaccuracy after which white gets an
opening advantage.Deserved attention} (11... Qc6 $5 12. O-O-O Qxc5 13. Ne5 O-O
14. Bxf6 Bxf6 15. Nd7 Qg5+ 16. Kb1 Rfd8 17. h4 Qf5 18. g4 Qf4 {with equality.})
12. Ne5 $1 Qa4 (12... Qd5 $2 13. Rd1 $1 Qxg2 (13... Bxf2+ 14. Kf1 (14. Kxf2
Qxe5 $1) 14... Bd4 15. Nf3 $18) 14. Qb5+ Kf8 15. Qxc5+ Kg8 16. Qe7 $1 {[%csl
Rf7,Rg8]} Rf8 (16... Qe4+ 17. Be3 $1 $18) (16... Qxh1+ 17. Kd2 Qd5+ 18. Kc1
Qxe5 19. Rd8+ $18) 17. Rd8 Qxh1+ 18. Ke2 Qe4+ 19. Kd2 $18) 13. O-O O-O (13...
Ne4 $2 14. b3 $18) (13... Nd5 14. c4 Nb6 15. b3 Qa3 16. Qf3 O-O 17. Qxb7 $16)
14. Bxf6 gxf6 15. Qf3 $1 $36 {[%cal Gf3f6,Gf3b7] The point of white's play.
Suddenly black finds himself in very serious troubles.} f5 (15... fxe5 16. Qg3+
Kh8 17. Qxe5+ {[%cal Ge5c5,Ge5h8]} f6 18. Qxc5 Rac8 19. Qe7 Qxc2 20. Qxb7 $16)
(15... Qxc2 $2 16. Nd7 Rfc8 17. Rac1 Bxf2+ 18. Qxf2 Qxc1 19. Qg3+ $18) 16. Rad1
$5 (16. Qg3+ Kh8 17. Nxf7+ $4 Rxf7 18. Qe5+ Rg7 19. Qxc5 Rxg2+ $3 20. Kh1 (20.
Kxg2 Qg4+ 21. Kh1 Qf3+ 22. Kg1 Rg8#) 20... Rxh2+ $1 21. Kxh2 Qh4+ 22. Kg2 Rg8+
23. Kf3 Qe4#) 16... Be7 (16... Qe4 17. Qg3+ Kh8 18. Nd7 Rfc8 19. Qc3+ $18) 17.
Qxb7 $18 Rfe8 18. Rd3 f4 19. Rd7 Bf6 1-0

[Event "Copenhagen CU 75th"]
[Site "Copenhagen"]
[Date "2002.02.10"]
[Round "2"]
[White "De Firmian, Nick E"]
[Black "Jakobsen, Ole"]
[Result "1-0"]
[WhiteElo "2536"]
[BlackElo "2405"]
[Annotator "Finkel,A"]
[PlyCount "109"]
[EventDate "2002.02.09"]
[EventType "tourn"]
[EventRounds "9"]
[EventCountry "DEN"]
[EventCategory "9"]
[SourceTitle "CBM 088"]
[Source "ChessBase"]
[SourceDate "2002.03.21"]
[SourceVersion "1"]
[SourceVersionDate "2002.03.21"]
[SourceQuality "1"]

1. e4 e6 2. d4 d5 3. Nc3 Nf6 4. Bg5 dxe4 5. Nxe4 Be7 6. Bxf6 Bxf6 7. Nf3 O-O 8.
Qd2 Nd7 9. O-O-O b6 (9... Be7 10. Kb1 (10. Bc4 a6 $5 11. Bb3 c6 12. Qf4 b5 13.
h4 Ra7 14. Neg5 Nf6 15. c3 Qc7 $132 {Khalifman,A-Bareev,E/Belgrade 1993}) 10...
b6 11. Bc4 Nf6 12. Nxf6+ Bxf6 13. Qe3 Bb7 14. Rhe1 Qe7 15. g4 Rad8 16. Ne5 $14
{Stefansson,H-Bareev,E/Erevan olm 1996}) 10. Bc4 {The only way to reach an
opening advantage.} (10. d5 $5 Nc5 11. Nxc5 bxc5 12. Bc4 e5 13. Qa5 Qd6 14. Nd2
$13 {1/2-1/2 Wahls,M-Gurevich,M/Munich 1992}) 10... Bb7 (10... c6 11. Qe3 (11.
Nxf6+ Qxf6 12. Qe3 Bb7 13. Ne5 Rfd8 14. f4 Nxe5 15. dxe5 Qe7 $11 {Mari Arul,
S-Prakash,G/Goodricke 1997}) (11. h4 Bb7 12. Nd6 $5 Qc7 13. Nxb7 Qxb7 14. Ng5
c5 15. Bd3 $36 {Ivanchuk,V-Dreev,A/London PCA-Intel GP 1995 (54)}) 11... Qc7
12. Nxf6+ Nxf6 13. Ne5 a5 14. c3 a4 15. a3 Ra5 16. Ba2 c5 17. Rhe1 $14 {
Kindermann,S-Dreev,A/Nussloch 1996 (30)}) 11. d5 (11. Rhe1 Bd5 12. Bd3 (12.
Bxd5 exd5 13. Nxf6+ Nxf6 14. Qf4 Ne4 15. Ne5 f6 16. Nd3 Qd7 $11 {Finkel,
A-Gurevich,M/Belgrade 1999/CBM 69}) (12. Qd3 c6 13. Bb3 b5 14. Bxd5 cxd5 15.
Nxf6+ Nxf6 $15 {Wedberg,T-Nielsen,P/Reykjavik 2000/CBM 79}) 12... c5 13. c4 Bb7
14. dxc5 (14. d5 $5 exd5 15. cxd5 c4 $5 16. Bc2 b5 17. Kb1 (17. g4 g6 18. Qf4
Bg7 19. Nd6 Ba6 20. Nd4 Ne5 $13 {Maiorov,O-Goloshchapov,A/Krasnodar 2000/EXT
2001}) 17... Qb6 18. Qf4 Rad8 19. h4 g6 (19... b4 $5 $132) 20. h5 Bg7 $132 {
Reinderman,D-Gurevich,M/Escaldes 1998/CBM 68}) 14... bxc5 15. Nxf6+ Qxf6 16.
Qc2 g6 17. Be4 Bxe4 18. Qxe4 Rad8 19. Rd2 Nb6 $11 {Huebner,R-Short,N/Novi Sad
1990/TD}) (11. Qf4 Bxe4 (11... Qb8 $5 12. Rhe1 c5 13. Qg4 cxd4 14. Nxd4 Bxe4
15. Qxe4 Nc5 $15 {Freitag,M-Schneider Zinner,H/Feldbach op 1997}) (11... Be7
12. d5 exd5 13. Bxd5 Bxd5 14. Rxd5 Qc8 15. Nd4 Nf6 16. Re5 $16 {Shirov,
A-Gurevich,M/New Delhi/Theran 2000/CBM 80}) 12. Qxe4 {Ivkov,B-Pachman,L/Geneve
1977/EXT 98}) 11... e5 (11... b5 $5 12. Bb3 c5 $5 13. Nd6 Bxd5 14. Bxd5 exd5
15. Qxd5 Nb6 $5 {Van den Doel,E-Gurevich,M/Hoogeveen 1999/EXT 2000}) 12. Kb1 $5
{Black hardly has any usefull moves so white decides to put his king to b1.} (
12. Bb5 Nc5 13. Qe3 Nxe4 14. Qxe4 Qd6 15. Bc6 Bxc6 16. dxc6 Qc5 17. Rd2 $14 {
Almasi,Z-Shirov,A/Dresden 2000/CBM 74 ext}) 12... a6 13. Rhe1 b5 14. Bb3 a5 (
14... c5 $6 15. dxc6 Bxc6 16. Bd5 Bxd5 17. Qxd5 Ra7 18. g4 $5 $16) 15. a3 Be7 (
15... b4 $5 16. a4 (16. axb4 axb4 17. Qxb4 Ra7 $14 {[%cal Gd8a8]}) 16... Be7
17. d6 cxd6 18. Nxd6 Bxf3 19. gxf3 $14) 16. d6 cxd6 17. Nxd6 Bxf3 18. gxf3 Nc5
19. Nxb5 $16 {White is a pawn up, but the position in't perfectly simply due
to numerous weaknesses in white's camp.} Qb6 (19... Qxd2 20. Rxd2 Nxb3 21. cxb3
Bg5 22. Rd5 Bf4 23. h3 $16) 20. Qe2 Nxb3 21. cxb3 Rab8 22. Rd5 $8 Bc5 23. Qxe5
Qxb5 (23... Bxf2 24. Red1 $16) 24. Rxc5 Qxb3 25. Rxa5 g6 26. Re3 Qd1+ 27. Ka2
Qd2 28. Rb5 $1 {Proposing to exchange a pair of rooks.} Rbc8 $1 29. h4 h5 (
29... Qxf2 30. h5 {[%csl Rg8][%cal Gh5h6]}) 30. Re2 Qc1 31. Rb4 $5 Qh1 {
[%cal Gc8c1]} 32. Re1 Qxf3 33. Qe3 Qf5 34. Qd4 Qf3 $2 ({After} 34... Rfd8 $1
35. Qe3 Rd3 $44 {I'm not convinced that white has any advantage.}) 35. Rb3 Qa8
36. Re7 Rcd8 37. Qe5 Rd5 38. Qe4 $16 Rf5 39. f3 (39. Qxa8 $6 Rxa8 40. f3 Ra4
41. Re4 Rxe4 42. fxe4 Rf4 43. Re3 Rxh4 $13) 39... Qa6 40. Re5 Rf6 (40... Rxe5
41. Qxe5 Rc8) 41. Re8 Rxe8 42. Qxe8+ Kg7 $6 (42... Kh7) 43. Qe4 Qd6 44. Rd3 Qg3
45. Qd4 $1 $18 {[%cal Gd4g7] This pin is lethal: black has to exchange queens
in order to move the rook, but white passed pawns are unstoppable.} Qf4 46. a4
Kh7 (46... Qxd4 47. Rxd4 Rxf3 48. a5 Rf6 49. Ra4 $18) 47. Qxf4 Rxf4 48. a5 Rxh4
49. a6 Rc4 50. a7 Rc8 51. b4 Ra8 52. Rd7 h4 53. b5 h3 54. b6 h2 55. Rd1 1-0

[Event "USA-ch Gr-B"]
[Site "Salt Lake City"]
[Date "1999.08.25"]
[Round "3"]
[White "De Firmian, Nick E"]
[Black "Seirawan, Yasser"]
[Result "1/2-1/2"]
[WhiteElo "2598"]
[BlackElo "2653"]
[Annotator "Finkel,A"]
[PlyCount "56"]
[EventDate "1999.08.05"]
[EventType "tourn"]
[EventRounds "7"]
[EventCountry "USA"]
[EventCategory "13"]
[SourceTitle "CBM 073"]
[Source "ChessBase"]
[SourceDate "1999.12.01"]
[SourceVersion "1"]
[SourceVersionDate "1999.12.01"]
[SourceQuality "1"]

1. e4 e6 2. d4 d5 3. Nc3 Nf6 4. Bg5 dxe4 5. Nxe4 Nbd7 6. Nf3 Be7 7. Nxf6+ Bxf6
8. h4 a6 $5 (8... c5 9. Qd2 cxd4 10. Nxd4 Nc5 11. O-O-O Qxd4 12. Qxd4 Bxd4 13.
Rxd4 f6 14. Be3 $14 {Voitsekhovsky,S-Feoktistov,A/Petrov mem 1998}) (8... O-O
9. Bd3 (9. Qd2 e5 10. O-O-O (10. Bxf6 Qxf6 11. O-O-O exd4 12. Qxd4 Qxd4 13.
Rxd4 {Weiß hat nur einen winzigen Vorteil, aber die einzigen Partien mit
diesem Endspiel endeten beide 1-0.} Re8 $5 14. Bc4 Nb6 15. Re1 Bd7 16. Bb3
Rxe1+ 17. Nxe1 Kf8 18. Nd3 Re8 19. Kd2 $14 {Brodskij,M-Doroshkievich,V/Rostov
op 1993 (100)}) 10... e4 11. Bxf6 Nxf6 12. Ne5 Be6 13. Be2 Qe7 14. g4 Rfd8 $13
{Tseshkovsky,V-Komarov,D/JUG Cup 1998}) (9. Qe2 c5 $5 10. Qe3 (10. c3 cxd4 11.
Nxd4 Bxg5 12. hxg5 Qxg5 $17) 10... Qa5+ 11. c3 cxd4 12. Nxd4 Qe5 (12... Bxd4 $5
13. Qxd4 f6 14. Be3 Rd8 15. O-O-O $5 Qxa2 16. Bc4 Qa1+ 17. Kc2 Qa4+ 18. Kb1 Qc6
{with complicated position.}) 13. O-O-O Qxe3+ 14. Bxe3 a6 $5 {Very important
move aiming to prevent g5.} 15. g4 $5 (15. g3 $1 Ne5 16. Be2 b5 17. Bg5 $1 $14)
15... Bd8 16. g5 ({Too optimistic would be} 16. f4 $6 Nf6 17. Be2 e5 18. Nf5
exf4 19. Bxf4 h5 $1 $15 {with better chanses for black.}) 16... Bc7 17. Be2 $14
{Hernandez,G-Kortschnoj,V/FIDE-Wch k.o. 1997/1/2-1/2 (72)} (17. Bg2 $5)) 9...
c5 10. c3 cxd4 11. cxd4 e5 12. Qc2 h6 13. O-O-O exd4 14. Kb1 Re8 15. Bh7+ Kh8
16. Rxd4 Qb6 $13 {Heinatz,T-Schmidt,W/BL2-O9798}) (8... h6 9. Bxf6 Qxf6 10. Qd2
c5 11. O-O-O O-O 12. Bb5 cxd4 13. Qxd4 Qxd4 14. Rxd4 Nf6 15. Ne5 $14 {
Arancibia,E-Dumas Aviles,A/Esucomex op 1998}) 9. Qd2 b5 10. O-O-O Bb7 11. Rh3 (
11. Bd3 c5) 11... Be7 (11... c5 12. Bxf6 Qxf6 13. dxc5 Nxc5 14. Qd6 Qe7 $11)
12. Bd3 (12. Bxe7 $5 Qxe7 13. Rg3 (13. Qg5 Qxg5+ 14. hxg5 Bxf3 15. gxf3 (15.
Rxf3 h6)) 13... O-O) 12... f6 {Weakening square e6,but after} (12... Nf6 13.
Qe2 Bd5 14. Kb1 O-O 15. Ne5 $14 {white keeps a pressure.}) 13. Bf4 Bd5 14. Qe2
c6 15. Be4 Kf7 16. Nd2 ({More agressive is} 16. Re1 Nf8 (16... Qb6 $2 17. Bc7
$1 Bc4 18. Qxc4 Qxc7 19. Qxc6 $16) (16... Nb6 17. Nd2 Bxe4 18. Qxe4 Qd5 19.
Rhe3 $1 $16 {[%csl Re6]}) 17. Nd2 Rc8 18. Nb3 $5 Bxb3 19. axb3 f5 (19... Qxd4
$2 20. Rd3 Qb6 21. Bf5 $1 c5 22. Bxe6+ $1 Nxe6 23. Bd6 $1 $16) 20. Bd3 Qxd4 21.
Be5 $36 {with very good compensation for a pawn.}) 16... Nf8 17. Kb1 (17. Re1)
17... Ng6 18. Bh2 Bd6 19. Bxd6 Qxd6 20. g3 Rad8 21. h5 Ne7 22. Rhh1 (22. g4 $5)
22... Nf5 $132 23. Nf3 Bxe4 24. Qxe4 Qd5 25. Qf4 c5 26. c3 cxd4 27. g4 Ne7 28.
cxd4 (28. Rxd4 $5 $14) 28... Rhe8 $13 1/2-1/2

[Event "EuroTel Trophy"]
[Site "Prague"]
[Date "1999.07.18"]
[Round "6"]
[White "Polgar, Judit"]
[Black "Shirov, Alexei"]
[Result "0-1"]
[WhiteElo "2671"]
[BlackElo "2734"]
[Annotator "Finkel,A"]
[PlyCount "100"]
[EventDate "1999.07.11"]
[EventType "match"]
[EventRounds "6"]
[EventCountry "CZE"]
[SourceTitle "CBM 072"]
[Source "ChessBase"]
[SourceDate "1999.10.01"]
[SourceVersion "1"]
[SourceVersionDate "1999.10.01"]
[SourceQuality "1"]

1. e4 e6 2. d4 d5 3. Nc3 Nf6 4. Bg5 dxe4 5. Nxe4 Be7 6. Bxf6 Bxf6 7. Nf3 O-O 8.
Bc4 Nc6 9. Bb5 {Harmless continuation.} (9. c3 e5 10. d5 Na5 (10... Nb8 $5 11.
O-O Bg4 12. h3 Bxf3 13. Qxf3 Be7 14. Bb5 a6 15. Ba4 Nd7 $11 {Ivanchuk,
V-Ehlvest,J/Reggio Emilia8990}) 11. Bd3 b6 12. Qc2 g6 (12... Kh8 13. O-O Nb7
14. Rfe1 Qxd5 $6 15. Nxf6 gxf6 16. Be4 $36 {Garcia Martinez,S-Braga,F/Havana-B
1983}) 13. Nxf6+ Qxf6 14. O-O Bg4 15. Nd2 Nb7 16. Rae1 Nd6 17. Qa4 Bf5 $11 {
Levenfish,G-Bondarevsky,I/Leningrad/Moscow 1939}) (9. Nxf6+ Qxf6 10. O-O e5 11.
Nxe5 Nxe5 12. dxe5 Qxe5 13. c3 {1/2-1/2 Balashov,Y-Dreev,A/RUS-ch 1995}) 9...
Bd7 10. Qd2 Be7 11. O-O (11. Be2 $5 Nb4 12. Ne5 Bc6 (12... Be8 13. O-O Nd5 14.
Rfe1 Nf6 15. Bf3 $14) 13. Nxc6 Nxc6 14. c3 e5 15. d5 Nb8 $13) 11... Ne5 12.
Nxe5 ({May be better was} 12. Be2 Nxf3+ 13. Bxf3 Bc6 14. Qe3 Bxe4 15. Bxe4 c6
$11 {with balance.}) 12... Bxb5 13. c4 Ba6 (13... Be8 $5 14. Rad1 f6 (14... Bd6
$5) 15. Nf3 b5 16. b3 Rb8 17. Qe2 bxc4 18. bxc4 Bh5 19. Ng3 Bf7 $13) 14. Rac1
c5 $1 $36 {Shirov plays this game at his best:now he sacrifices a pawn and in
the endgame doesn't take it back till the right moment.} 15. dxc5 Qxd2 16. Nxd2
Rfd8 (16... Bxc5 $6 17. Nd7 Rfd8 18. Nxc5 Rxd2 19. b4 Rc8 20. a3 $14) 17. Nb3
Rac8 18. f4 b6 $1 ({Of course not} 18... f6 19. Nf3 Bxc5+ 20. Nxc5 Rxc5 21. b3
b6 22. Rfd1 $11 {with equality.}) 19. Rfd1 (19. cxb6 axb6 20. Rfd1 f6 $1 (20...
Rxd1+ $6 21. Rxd1 f6 22. Rd7 Bf8 23. Ra7 $1 Bxc4 24. Nxc4 Rxc4 25. Ra6 Rc2 26.
Rxb6 Rxb2 27. Rxe6 $11) 21. Nd7 Bxc4 22. Rd4 (22. Nxb6 $2 Rxd1+ 23. Rxd1 Bxb3
24. axb3 Bc5+ $19) 22... Bxb3 23. Rxc8 Rxc8 24. axb3 Rc2 $17) 19... Rxd1+ 20.
Rxd1 Rc7 $1 {[%csl Gd7] Covering square d7.} 21. Rd6 ({Deserved attention} 21.
cxb6 $5 axb6 22. Rd7 Rxd7 23. Nxd7 Bxc4 24. Kf2 Bxb3 25. axb3 h5 26. Ke3 b5 $15
{[%cal Gg8h7,Gh7f5]}) 21... Kf8 (21... Bxd6 $6 22. cxd6 Rc8 23. c5 $1 f6 (23...
bxc5 24. d7 Rd8 25. Nxc5 Bb5 26. a4 Bxa4 27. Nxa4 f6 28. Nd3 Rxd7 29. Nac5 $14)
24. Nc6 $1 Rxc6 25. d7 Rc8 26. dxc8=Q+ Bxc8 $11) 22. cxb6 Bxd6 23. bxc7 Bxc7
$36 24. c5 $5 ({Much better was} 24. Nd4 $1 g5 25. g3 Bxe5 26. fxe5 Bxc4 27. b3
Bd5 $15 {and white has good chanses to hold the endgame.}) 24... g5 25. Nc6
gxf4 26. a4 (26. Nxa7 $1 Be5 27. Kf2 Bxb2 28. c6 Ke7 29. Kf3 Kd6 $15) 26... Bc4
$1 27. Nd2 Bd5 28. Nxa7 Ba5 $15 {This ending is a classic example of "what the
pair of bishops is capable to do".} 29. Nb1 Bb4 30. Nb5 Bxc5+ 31. Kf1 f3 32.
gxf3 Bxf3 33. Nd2 Bd5 34. Ke2 Ke7 $17 35. Kd3 f5 36. Nc3 Bb7 37. Kc4 Be3 38.
Kd3 Bg1 39. b4 Bxh2 40. b5 h5 41. a5 h4 42. Ke2 (42. a6 Bg2 43. Nc4 h3 44. b6
Bb8 $19) 42... h3 43. a6 Bg2 44. Kf2 Bd6 45. Nf3 (45. Na4 Ba8 46. Nf3 h2 47.
Nxh2 Bxh2 48. b6 Bc6 $19) 45... Bc5+ 46. Kg3 f4+ 47. Kg4 Bg1 48. b6 Bxf3+ 49.
Kxf3 h2 50. Kg2 f3+ 0-1

[Event "Tan Chin Nam Cup 5th"]
[Site "Shenyang"]
[Date "1999.07.11"]
[Round "4"]
[White "Wang, Zili"]
[Black "Dreev, Alexey"]
[Result "0-1"]
[WhiteElo "2524"]
[BlackElo "2679"]
[Annotator "Finkel,A"]
[PlyCount "146"]
[EventDate "1999.07.08"]
[EventType "tourn"]
[EventRounds "9"]
[EventCountry "CHN"]
[EventCategory "13"]
[SourceTitle "CBM 073"]
[Source "ChessBase"]
[SourceDate "1999.12.01"]
[SourceVersion "1"]
[SourceVersionDate "1999.12.01"]
[SourceQuality "1"]

1. e4 e6 2. d4 d5 3. Nc3 Nf6 4. Bg5 dxe4 5. Nxe4 Be7 6. Bxf6 gxf6 7. Nf3 a6 (
7... Nd7 8. Qd2 $6 f5 9. Ng3 h5 $5 10. h4 Bd6 11. Rh3 c6 12. Ng5 Nf6 13. Bc4
Nd5 $15 {Euwe,M-Balla,Z/Bad Pistyan 1922/1/2-1/2 (50)}) (7... c6 $6 8. Qd2 f5
9. Ng3 b6 10. Bc4 Nd7 11. O-O-O Bb7 12. Rhe1 Nf6 13. Kb1 Qc7 14. Ne5 $16 {
Kozma,J-Fichtl,J/CSR-ch Prague 1953 (37)}) (7... Qd5 $6 8. Bd3 Nd7 9. O-O Nf8
10. c4 Qh5 11. Qd2 Rg8 12. Ng3 Qg4 13. Rfe1 Bd7 14. Be4 $36 {Aronson,L-Khanov,
K/URS-ch sf 1957/1-0 (49)}) 8. c4 $5 {This move deserves very serious
attention.} (8. Bd3 b5 (8... Nd7 9. Qe2 c5 (9... f5 10. Ng3 Nf6 11. O-O-O Qd5
12. Kb1 f4 13. Ne4 Nxe4 14. Bxe4 Qd6 15. Ne5 $14 {Toth,A-Dobos,J/Szekszard op
1995}) 10. dxc5 Qa5+ 11. Qd2 Qxd2+ 12. Nfxd2 Nxc5 13. Nxc5 Bxc5 $11 {Cohn,
E-Swiderski,R/Wien 1908}) 9. Qe2 Bb7 10. O-O-O Bd5 11. Kb1 c6 12. Nc3 Nd7 13.
Rhe1 Qa5 14. Nxd5 cxd5 15. Nh4 Nb6 $13 {Stjazhkina,O-Grabuzova,T/49th ch-RUS 
(women) 1999}) (8. g3 b5 9. Bg2 Bb7 10. Qe2 Bd5 11. Nc3 c6 12. Nxd5 (12. O-O-O
Nd7 13. Kb1 Nb6 14. Rhe1 Qc7 15. Nh4 h5 16. f4 f5 17. Nf3 O-O-O 18. Ne5 $14 {
Leko,P-Morozevich,A/Frankfurt-West Masters 1999}) 12... cxd5 13. c3 Nc6 14. a4
O-O 15. O-O Qb6 16. b4 Rfc8 17. Rfd1 $14 {Lutz,C-Morozevich,A/Frankfurt-West
Masters 1999}) (8. Qd2 b5 9. Qh6 $6 {Too optimistic continuation.} Bb7 10. Bd3
Nd7 11. Ng3 f5 12. Nh5 Bf8 13. Qe3 Nf6 $15 {Sutovskij,E-Morozevich,A/Torneo de
Pamplona 9th 1998}) 8... f5 9. Nc3 c5 10. d5 Bf6 11. Qc2 e5 12. O-O-O O-O 13.
Nd2 Bg7 14. f3 {[%cal Gf1d3]} ({It was possible to play} 14. Bd3 $5 e4 15. Be2
b5 16. g4 fxg4 17. Ndxe4 Bf5 18. f3 gxf3 19. Bxf3 Nd7 20. Rhg1 $14 {with
better prospects.}) 14... Qf6 15. Bd3 b5 16. h3 (16. g4 e4 17. fxe4 fxg4 18. h3
gxh3 19. Bf1 Bg4 20. Be2 Bd7 $13) 16... b4 17. Na4 a5 18. Kb1 ({Too dangerous
is} 18. Nxc5 a4 $1 19. g4 Ra5 20. Nxa4 e4 21. fxe4 Rxa4 $36) 18... Na6 19. Nb3
Re8 20. Rhf1 (20. Nbxc5 $5) 20... Bf8 21. d6 $1 $36 {Strong move making black
to work hard to equalize.} (21. g4 Bd7 22. Nd2 b3 23. axb3 Nb4 24. Qc3 Nxd3 25.
Qxd3 Rab8 $44) 21... Bxd6 22. g4 e4 $1 (22... Bd7 $2 23. Nb6 Rad8 24. Nxd7 Rxd7
25. Bxf5 $18) 23. fxe4 f4 24. e5 {Each one tries to give up a pawn instead of
taking one!} Bxe5 25. Bxh7+ Kh8 26. Bf5 $6 {In the endgame white's advantage
is not so significient so better was} (26. Be4 Ra7 27. Nbxc5 Nxc5 28. Nxc5 Bd4
29. Nb3 Be3 30. Rd5 $16) 26... Bxf5 27. Qxf5 Qxf5+ 28. gxf5 Rad8 29. Naxc5 (29.
Rde1 Kg7 30. Nbxc5 Nxc5 31. Nxc5 Kf6 32. Kc2 Rd4 $13) 29... Nxc5 30. Nxc5 Rxd1+
31. Rxd1 f3 32. Rf1 Bd4 33. Nd3 Re3 34. Kc2 Kg7 35. c5 (35. Nf4 $5) 35... Kf6
36. c6 Bb6 37. Kd2 Re2+ 38. Kd1 Re3 39. Ne1 {White doesn't have a chance to
win the game so deserved attention} (39. Kd2 Re2+ $11 (39... Kg5 $6 40. Re1
Rxe1 41. Kxe1 Kxf5 42. Nc5 $16)) 39... Re2 40. Nc2 Re7 41. Rxf3 Rc7 $11 42. Kd2
Rxc6 43. Kd3 Rd6+ 44. Ke2 (44. Kc4 Rd2) 44... Ke5 45. a3 (45. Ne1 $5) 45... Rc6
46. Kd2 (46. Ne1) 46... Ke4 47. Rb3 bxa3 48. Nxa3 Kxf5 $15 {Now black has
symbolical advantage,which quiet suprisingly brings him the whole point.} 49.
Rf3+ Ke6 50. b3 Bd8 51. Re3+ (51. Nc4) 51... Kf5 52. Rf3+ Kg6 53. Nc4 Bc7 54.
Kd3 Rc5 55. Kd4 Rb5 56. Re3 f5 57. h4 $2 {[%csl Rh4]} Kh5 58. Re7 Bd8 59. Rf7 (
59. Rd7 Bxh4) 59... Kxh4 (59... Bxh4 $2 60. Nd6 Bf2+ 61. Kd3 Rd5+ (61... Rxb3+
62. Kc2 Rf3 63. Rxf5+ $11) 62. Ke2 $11) 60. Nd6 Bb6+ 61. Kc3 Rc5+ 62. Kb2 Kg4
$19 63. Nc4 Rb5 $5 64. Kc2 Bf2 65. Rg7+ Kf3 66. Rf7 Rd5 67. Re7 f4 68. Re8 Be3
69. Ra8 Ke2 70. Re8 Rd3 71. Rg8 Rd4 72. Nxa5 f3 73. Nc6 Re4 0-1